01473cam a22003857a 4500003000500000005001700005008004100022010001000063011001000073035001000083040000900093082002500102110006700127245014200194250001000336260007600346300002000422410000800442490002600450590004100476590004100517590004100558590004200599650004100641650002900682650005200711810000800763830003300771901000700804905002300811942001000834949008300844999001700927952014300944CHAP20220817043705.0000725d1993 it a rn 00110 spa d a81836 a82808 a93312 cCHAP04a301.35bF3Y V.9 1993 aFAO. Oficina Regional para América Latina y el Caribe93964010aDesarrollo agropecuario :bde la dependencia al protagonismo del agricultorc/por FAO. Oficina Regional para América Latina y El Caribe a3 ed. aRoma :bFAO. Oficina Regional para América Latina y El Caribe,c1993. a140 p. :bilus. aFAO 0aDesarrollo ruralv; 9 aBATCH-UPDb10c20130110lUCH01h0956 aBATCH-UPDb10c20130410lUCH01h0609 aBATCH-UPDb10c20130914lUCH01h0320 aCONVERSIONb10c20130109lUCH01h134514aAgriculturazAmérica Latina.9191114aDesarrollo rural.93206714aPolítica agrícolazAmérica Latina.9903800 aFAO 0aDesarrollo ruralv; 9932068 aBK aLilia Sánchez G. cLIBRO a301.35 F3Y v.9 1993bBCcFAOd33724000747655eFAO1h96810i93312kDonaciØnsi c81836d81836 00104053708FAOaBCbBCcPP_FAOd2019-12-31fLIBROi127l0o301.35 F3Y v.9 1993p33724000747655r2019-12-31 00:00:00w2019-12-31yLIBRO